UEFA- Undefeated Countries during a given EuroCup (Men's Football) - Statistiques

Statistiques générales
  • Ce quiz a été pris 25 fois
  • Le résultat moyen est 24 sur 31
Statistiques - réponses
an Result Country % Correct
1984 Winner France
100%
1996 Semi-Finals France
100%
2020 Last 16 France
100%
1968 Winner Italy
95%
1980 4th Place Italy
95%
2004 Group Stage Italy
95%
2020 Winner Italy
95%
2016 Winner Portugal
90%
1996 Semi-Finals England
86%
2012 Quarter-Finals England
86%
2020 Final England
86%
1964 Winner Spain
86%
1996 Quarter-Finals Spain
86%
2008 Winner Spain
86%
2012 Winner Spain
86%
2020 Semi-Finals Spain
86%
2024 Winner Spain
86%
1996 Winner Germany
81%
1972 Winner West Germany
81%
1976 Final West Germany
81%
1980 Winner West Germany
81%
1960 Winner Soviet Union
67%
2004 Quarter-Finals Sweden
67%
1992 Semi-Finals Netherlands
62%
2000 Semi-Finals Netherlands
62%
2016 Last 16 Switzerland
62%
2024 Quarter-Finals Switzerland
62%
2008 Quarter-Finals Croatia
38%
2016 Quarter-Finals Poland
33%
2024 Last 16 Slovenia
33%
1976 Winner Czechoslovakia
29%
Aucun quiz correspondant
Distribution des résultats
% des personnes avec chaque résultat
Percentile par nombre de réponses
Votre historique - résultats
Vous n’avez pas pris ce quiz